| 000 | 00722nam a22002175a 4500 | ||
|---|---|---|---|
| 999 |
_c27166 _d27138 |
||
| 003 | EG-ScBUE | ||
| 005 | 20190228101007.0 | ||
| 008 | 190214q1970 ua a frb 001 0 ara d | ||
| 040 |
_aEG-ScBUE _bara _cEG-ScBUE _dEG-ScBUE |
||
| 082 | 0 | 4 |
_a301 _bخ ل د _222 |
| 100 | 1 |
_aابن خلدون ، عبدالرحمن بن محمد، _d1332-1406. |
|
| 245 | 1 | 0 | _aمقدمة ابن خلدون. |
| 260 |
_aالقاهرة : _bمؤسسة دار الشعب، _c[1970] |
||
| 300 |
_a552 ص. ؛ _c30 سم. |
||
| 490 | 0 | _aكتاب الشعب | |
| 504 | _aيشتمل على إرجاعات ببليوجرافية. | ||
| 650 | 7 |
_aالاجتماع، علم. _2BUEsh |
|
| 651 | _2BUEsh | ||
| 653 |
_bGGEN _cFebruary2019 |
||
| 942 | _2ddc | ||